| 000 | 00000nas 2200000za 4500 |
| 001 | 9.508645 |
| 003 | CaOODSP |
| 005 | 20210920134744 |
| 007 | ta |
| 008 | 150406c1991||||xxc|| p #||||f| |0fre|d |
| 022 | |a0705-6109 |
| 040 | |aCaOODSP|bfre |
| 041 | |aeng |
| 041 | |afre |
| 043 | |an-cn--- |
| 086 | 1 |aRG12-1 |
| 110 | 1 |aCanada.|bBureau de la politique de concurrence. |
| 245 | 10|aBulletin de la publicité trompeuse / |cPublié par le Directeur des enquêtes et recherches, Loi sur la concurrence. |
| 260 | |aOttawa - Ontario : |bConsommation et Corporations. |
| 310 | |aTrimestriel |
| 546 | |aBilingue |
| 775 | 08|tMisleading advertising bulletin / |w(CaOODSP)9.514320 |
| 791 | |tMisleading advertising bulletin / |eeng|w(CaOODSP)9.508644 |